000
00257nam a22001097a 4500
082
_a
301 KHU'C
100
_a
KHURSHID AHMED RAJA
_9
74568
245
_a
CRIPTION AND BRIBERY KRIPTO KARACI
260
_a
ISLAMABAD
_b
ZAVIYA
_c
1982
300
_a
728P
942
_c
BK
999
_c
580085
_d
580085